000 00763nab a2200205 4500
999 _c372324
_d372324
001 90031
003 OSt
005 20230328123416.0
007 tu
008 110905s2000|||||||
040 _aDE-2950
_cDE-2950
245 0 0 _aHundertjahrfeier für Kießling geplant.
_bStädtebau. Die Bürgerinitiative Paulinenhofsiedlung stellt ein Jubiläumsfest für den Architekten und sein Wirken in Frankfurt auf die Beine. Bei den Vorbereitungen sind einige Hürden zunehmen /
_cInes Weber-Rath
264 _c2023
653 _aFrankfurt (Oder)
653 _aKießling, Martin; Architekt, Beamter, 1879-1944
653 _aWohnungsbau
653 _aJubiläum
773 0 _g34. Jahrgang (2023) Nr. 71, 24.03.2023, S. 16: mit Foto
_tMärkische Oderzeitung
942 _2z
_cA